[Event "45th Olympiad 2024"]
[Site "Budapest HUN"]
[Date "2024.09.14"]
[Round "4.44"]
[Board "4"]
[White "Castro Torres, Jose Luis"]
[Black "Chia, Yu Zhe Ashton"]
[Result "1-0"]
[WhiteElo "2299"]
[BlackElo "2224"]
[PlyCount "125"]
[EventDate "2024.09.11"]
[WhiteTeam "Venezuela"]
[BlackTeam "Singapore"]
[WhiteTeamCountry "VEN"]
[BlackTeamCountry "SIN"]

1. e4 c5 2. Nf3 Nc6 3. Bb5 g6 4. Bxc6 bxc6 5. O-O Bg7 6. d3 d6 7. h3 e5 8. c3 ({RR} 8. Nc3 Ne7 9. a3 O-O 10. b4 cxb4 11. axb4 a6 12. Na4 f5 13. c4 h6 14. c5 d5 15. Nb6 Ra7 16. Bb2 fxe4 17. dxe4 d4 18. Qb3+ Kh7 19. Ra3 g5 20. Qc4 Ng6 21. Bc1 Rf6 22. Nxc8 Qxc8 {1-0 Cansun,C (2130)-Yagiz,Y (2180) TCh-TUR 1st League 2024 (3.9)}) 8... Nf6 ({RR} 8... Ne7 9. d4 cxd4 10. cxd4 exd4 11. Nxd4 O-O 12. Nc3 h6 13. Be3 Kh7 14. Qd2 Rb8 15. b3 c5 16. Nde2 Ba6 17. Rac1 f5 18. Rfd1 fxe4 19. Qxd6 Qxd6 20. Rxd6 Bd3 21. Nf4 Nf5 22. Rd7 Nxe3 23. fxe3 {1-0 Tomashevsky,E (2716)-Li,C (2720) Wch Blitz Doha 2016 (18)}) 9. Re1 O-O $146 10. d4 cxd4 11. cxd4 d5 12. dxe5 Nxe4 13. Nc3 Bf5 14. Nd4 Bxe5 15. Nxc6 Bh2+ 16. Kxh2 Qd6+ 17. Kg1 Nxc3 18. Qd4 Nb5 19. Qxd5 Qxd5 20. Ne7+ Kg7 21. Nxd5 Rfd8 22. Ne3 Be6 23. b3 Kg8 24. Bb2 Rd2 25. Be5 Rc8 26. Red1 Rxd1+ 27. Rxd1 h6 28. Rd2 a5 29. h4 Kh7 30. g4 g5 31. h5 a4 32. bxa4 Nc3 33. Rc2 Nxa4 34. Rxc8 Bxc8 35. Bd4 f6 36. Kg2 Kg7 37. Nf5+ Kh7 38. Kf3 Bd7 39. Ke4 Be6 40. a3 Bc4 41. Ne3 Be6 42. f3 Kg7 43. Nf5+ Kh7 44. Ke3 Bc4 45. Nd6 Bd5 46. Ne8 Be6 47. Nxf6+ Kg7 48. Ne4+ Kh7 49. Nd6 Bd5 50. Nf5 Bb7 51. f4 gxf4+ 52. Kxf4 Bc6 53. Ke5 Bf3 54. Ne3 Kg8 55. Kf6 Kh7 56. Kf5 Be2 57. Nd5 Bc4 58. Nf6+ Kg7 59. Nd7+ Kh7 60. Kf6 Be2 61. Kf7 Bc4+ 62. Kf8 Be2 63. Bg7 1-0

[Event "45th Olympiad 2024"]
[Site "Budapest HUN"]
[Date "2024.09.14"]
[Round "4.45"]
[Board "3"]
[White "Arias, Daniel"]
[Black "Maerevoet, Sim"]
[Result "1/2-1/2"]
[WhiteElo "2213"]
[BlackElo "2432"]
[PlyCount "175"]
[EventDate "2024.09.11"]
[WhiteTeam "El Salvador"]
[BlackTeam "Belgium"]
[WhiteTeamCountry "ESA"]
[BlackTeamCountry "BEL"]

1. e4 c5 2. Nf3 e6 3. d4 cxd4 4. Nxd4 Nf6 5. Nc3 Nc6 6. a3 Be7 7. Be3 O-O 8. Qe2 d5 9. exd5 ({RR} 9. O-O-O Bd7 10. exd5 exd5 11. h3 Rc8 12. g4 Re8 13. Qd2 Ne5 14. f4 Nc4 15. Bxc4 Rxc4 16. Qd3 Qc8 17. Nde2 b5 18. Bd4 Bc6 19. Kb1 b4 20. axb4 Rxb4 21. Rhe1 Ne4 22. Nxe4 dxe4 23. Qc3 Qa6 {1-0 Svidler,P (2714)-Mamedyarov,S (2782) Saint Louis Blitz 2021 (12)}) 9... Nxd5 10. Nxd5 Qxd5 11. Nxc6 $146 ({RR} 11. Rd1 Qa5+ 12. c3 Nxd4 13. Bxd4 Re8 14. Qb5 Qxb5 15. Bxb5 Rf8 16. Ke2 a6 17. Bd3 Bd7 18. Be4 Bc6 19. Bxc6 bxc6 20. Kd3 Rfd8 21. Kc4 Rd5 22. b4 f6 23. f4 Bd6 24. g3 Kf7 25. Rhe1 Re8 {1-0 Zakirov,M (2123)-Papp,P (2280) Titled Tue 14th May Early 2024 (9)}) ({RR} 11. Qc4 Qa5+ 12. Bd2 Qe5+ 13. Be3 Bf6 14. Nxc6 bxc6 15. c3 a5 16. O-O-O Ba6 17. Qf4 Qh5 18. g4 Qg6 19. Bxa6 Rxa6 20. g5 Bd8 21. h4 Ra8 22. h5 Qf5 23. Qxf5 exf5 24. Bf4 Re8 25. Rhe1 Rxe1 {½-½ Sharma,D (2295)-Tregubov,P (2592) Wch Rapid St Petersburg 2018 (10)}) 11... Qxc6 12. O-O-O Bf6 13. Qb5 Qxb5 14. Bxb5 b6 15. Bc6 Rb8 16. Bd4 Bg5+ 17. Kb1 Bb7 18. Bxb7 Rxb7 19. Be5 Be7 20. Rhe1 Rc8 21. Rd3 f6 22. Bd6 Kf7 23. Bxe7 Rxe7 24. Red1 e5 25. b3 h5 26. Kb2 h4 27. c4 Ke6 28. Rd5 g5 29. Kc3 g4 30. R1d3 Rc6 31. Kd2 Rg7 32. Rd8 Rcc7 33. Rh8 g3 34. hxg3 hxg3 35. fxg3 Rcd7 36. Rxd7 Kxd7 37. Rh3 Kd6 38. Ke3 Kc5 39. Ke4 Rg5 40. Ke3 a5 41. Kd3 Rg4 42. Kc3 a4 43. b4+ Kd6 44. Kd3 Ke6 45. Kc3 Re4 46. Kd3 Rd4+ 47. Kc3 Re4 48. Kd3 Rg4 49. Kc3 Kd6 50. Kd3 Kd7 51. Rh7+ Ke6 52. Rh3 Rd4+ 53. Kc3 Rd8 54. g4 e4 55. Kc2 Rg8 56. Rh4 Rc8 57. Kc3 b5 58. c5 Rd8 59. Rh3 Rd1 60. Kc2 Ra1 61. Rc3 Kd7 62. Kd2 Ra2+ 63. Ke3 Rxg2 64. Kxe4 Rxg4+ 65. Kf5 Rg1 66. Kxf6 Re1 67. Rd3+ Kc6 68. Kf5 Rf1+ 69. Ke4 Re1+ 70. Kd4 Rh1 71. Ke4 Rh4+ 72. Ke3 Rh3+ 73. Kd2 Rh2+ 74. Kc1 Kc7 75. Rd2 Rh3 76. Kb2 Rb3+ 77. Ka2 Rh3 78. Rg2 Kc6 79. Rg6+ Kd5 80. Rd6+ Kc4 81. Rd2 Kc3 82. Rg2 Rh6 83. Rf2 Rg6 84. Rf1 Kc2 85. Rf2+ Kc3 86. Rf3+ Kc2 87. Rf5 Kc3 88. Rf3+ 1/2-1/2

[Event "45th Olympiad 2024"]
[Site "Budapest HUN"]
[Date "2024.09.14"]
[Round "4.46"]
[Board "1"]
[White "Lee, Junhyeok"]
[Black "Cori, Jorge"]
[Result "1-0"]
[WhiteElo "2364"]
[BlackElo "2609"]
[PlyCount "97"]
[EventDate "2024.09.11"]
[WhiteTeam "South Korea"]
[BlackTeam "Peru"]
[BlackTeamCountry "PER"]

1. e4 {Szabo,Krisztian} e6 2. d4 d5 3. Nc3 Nf6 4. e5 Nfd7 5. f4 c5 6. Nf3 Nc6 7. Be3 Be7 8. Qd2 O-O 9. dxc5 ({RR} 9. Be2) 9... Bxc5 10. O-O-O b6 ({RR} 10... Qa5 11. a3 ({RR} 11. Bxc5) 11... a6 ({RR} 11... Be7) 12. Bxc5 Nxc5 13. Qe3 Bd7 ({RR} 13... Rd8 14. Kb1 Bd7 15. f5 ({RR} 15. h4 Rac8 16. h5 Ne7 17. Nd4 Ne4 18. Nxe4 dxe4 19. Qxe4 Bc6 20. Qe2) 15... Ne4 16. Nxe4 dxe4 17. f6 Be8 ({RR} 17... exf3 18. Qg5 g6 19. Qh6) 18. Be2) 14. f5 Qb6 15. Qf4 d4 ({RR} 15... Ne7 16. f6 Ng6 17. Qd4) 16. Nxd4 Nxd4 17. Rxd4 exf5 18. Rd6 ({RR} 18. Nd5 Qa5 19. Qg3 f4 20. Nxf4 Bf5 21. Nd5 Kh8 22. Ne7 Be6 23. Rh4) 18... Qa7 19. Nd5 Kh8 20. Nb6 Rad8 21. Nxd7 ({RR} 21. Qh4 Qb8 22. Qc4) 21... Nxd7 22. Qd2 b5 23. Be2 Qc7 24. Rd1 Nc5 25. Qc3 {½-½ Leko,P (2737)-Wang,H (2752) Dortmund SuperGM 41st 2013 (6)} ({RR} 25. Rxd8 Nb3+) ({RR} 25. Qg5 Rc8 ({RR} 25... Rxd6 26. exd6 Qd7 27. Bf3) 26. Qxf5 g6 27. Qf3 Nb7 28. R6d2)) ({RR} 10... Qa5 11. Bxc5 Nxc5 12. Kb1 a6 13. Nd4 Qc7 14. Nb3 Nxb3 15. cxb3 b5 16. Bd3 b4 17. Na4 a5 18. Rc1 Qb6 19. Nxb6 {1-0 Mkrtchian,L (2388)-Kazarian,A (2096) Speed Chess (Women) Q3 blitz 2021 (5)}) 11. Bb5 Bb7 12. h4 $146 ({RR} 12. Ne2 Qe7 13. Kb1 f6 14. Ned4 Bxd4 15. Bxd4 Nxd4 16. Qxd4 fxe5 17. Nxe5 Nxe5 18. Qxe5 Rf5 19. Qd4 Qc5 20. Be2 {½-½ Teran Alvarez,I (2442)-Narciso Dublan,M (2525) ESP-ch KO Ceuta 2008 (2.1)}) 12... Rc8 13. h5 Re8 14. Bxc6 Bxc6 15. Nd4 Bb4 16. a3 Bxc3 17. Qxc3 Ba4 18. Qe1 Qc7 19. Rd2 f6 20. exf6 Nxf6 21. Re2 Ne4 22. Rf1 e5 23. fxe5 Qxe5 24. Nf5 Qc7 25. Qd1 Qc4 26. Bd4 Bd7 27. b3 Qxb3 28. Nxg7 Rf8 29. Rxf8+ Kxf8 30. Qf1+ Kg8 31. Nf5 Qxa3+ 32. Bb2 Qf8 33. g4 Bxf5 34. gxf5 Qh6+ 35. Kb1 Kf7 36. Qd1 Qc6 37. Rg2 Qb5 38. Kc1 Qc5 39. h6 Kf8 40. Qf3 b5 41. f6 Rc7 42. Be5 Rf7 43. Qg4 Ke8 44. Qe6+ Kf8 45. Kd1 d4 46. Re2 d3 47. cxd3 Rc7 48. Bxc7 Nc3+ 49. Ke1 1-0

[Event "45th Olympiad 2024"]
[Site "Budapest HUN"]
[Date "2024.09.14"]
[Round "4.46"]
[Board "2"]
[White "Leiva, Gianmarco"]
[Black "Ahn, Hongjin"]
[Result "0-1"]
[WhiteElo "2389"]
[BlackElo "2251"]
[PlyCount "66"]
[EventDate "2024.09.11"]
[WhiteTeam "Peru"]
[BlackTeam "South Korea"]
[WhiteTeamCountry "PER"]

1. e4 c5 2. Nf3 e6 3. d4 cxd4 4. Nxd4 Nc6 5. Nc3 Nf6 6. a3 d6 7. Be3 Be7 8. Qf3 ({RR} 8. Be2 O-O 9. Qd2 e5 10. Nb3 Be6 11. O-O-O a5 12. Kb1 a4 13. Nc1 Qa5 14. f3 Rfc8 15. g4 Nd4 16. Bxd4 exd4 17. Qxd4 Nd7 18. Nd5 Bxd5 19. Qxd5 Rc5 20. Qd2 Qd8 21. Nd3 Rcc8 22. Nb4 Nb6 {0-1 Duda,J (2731)-Erigaisi,A (2748) Titled Tue 19th Mar Late 2024 (11)}) ({RR} 8. f3 O-O 9. Qd2 a6 10. O-O-O Nxd4 11. Bxd4 b5 12. g4 Rb8 13. g5 Nd7 14. h4 Qa5 15. Kb1 Ne5 16. Nd5 Qd8 17. Nxe7+ Qxe7 18. Bc3 Nxf3 19. Qxd6 Qxd6 20. Rxd6 Bb7 21. Be2 Bxe4 22. Rf1 Nxh4 {1-0 Pichot,A (2644)-Andreikin,D (2729) Titled Tue 12th Mar Late 2024 (5)}) 8... Nxd4 $146 ({RR} 8... O-O 9. O-O-O Qc7 10. Ndb5 Qb8 11. Qg3 Rd8 12. f4 a6 13. Nd4 Nxd4 14. Bxd4 b5 15. Bd3 e5 16. fxe5 Nh5 17. Qf3 dxe5 18. Nd5 Bf8 19. Qxh5 exd4 20. Rhf1 Be6 21. Rf3 Bxd5 22. exd5 g6 23. Qg5 {1-0 Wafa,H (2211)-Lopez del Alamo,A (2295) Titled Tue 12th Sep Late 2023 (2)}) 9. Bxd4 O-O 10. Bc4 Qc7 11. Qe2 e5 12. Be3 Be6 13. Bb3 h6 14. Rd1 Rfc8 15. O-O Bc4 16. Bxc4 Qxc4 17. Qf3 b5 18. Rd3 a5 19. Rc1 b4 20. b3 Qa6 21. axb4 axb4 22. Nd5 Nxd5 23. Rxd5 Qa2 24. Qd1 Qb2 25. g3 Bf8 26. Rb5 Ra6 27. Rb7 Rac6 28. Qd5 R6c7 29. Rxb4 Rc3 30. Rd1 Rxe3 31. Rb7 Rf3 32. Kg2 Rf6 33. Rd2 Rxc2 0-1

[Event "45th Olympiad 2024"]
[Site "Budapest HUN"]
[Date "2024.09.14"]
[Round "4.48"]
[Board "4"]
[White "Forbes, Garry"]
[Black "Barria Santos, Jose Guilherme"]
[Result "0-1"]
[WhiteElo "1858"]
[BlackElo "2411"]
[PlyCount "92"]
[EventDate "2024.09.11"]
[WhiteTeam "Jersey"]
[BlackTeam "Portugal"]
[BlackTeamCountry "POR"]

1. c4 Nf6 2. g3 e5 3. Bg2 c6 4. Nf3 e4 5. Ng5 d5 6. cxd5 cxd5 7. O-O ({RR} 7. d3 h6 8. Nxf7 Kxf7 9. O-O Nc6 10. Qb3 Qb6 11. Qc3 Bb4 12. Qc2 Nd4 13. Qd1 exd3 14. exd3 Bg4 15. Qa4 Be2 16. a3 Bc5 17. b4 Bd6 18. Be3 Bxf1 19. Kxf1 Qc6 {0-1 Piliczewski,B (1878)-Portero Rubio,M (2229) Titled Tue 16th Jul Late 2024 (4)}) 7... h6 8. Nh3 Bf5 9. Kh1 $146 ({RR} 9. d3 exd3 10. exd3 Be7 11. Nf4 g5 12. Ne2 Nc6 13. Be3 Qd7 14. Nd4 Bh3 15. Nc3 Bxg2 16. Kxg2 Ng4 17. Nxc6 Nxe3+ 18. fxe3 bxc6 19. Rc1 Rb8 20. b3 O-O 21. Qf3 f5 22. Ne2 Ba3 23. Rc2 Rf6 {½-½ Rantanen,V (2007)-Scrimgour,A (2083) EU-chT Seniors 65 2018 (6.2)}) ({RR} 9. d3 Qd7 10. Nf4 g5 11. dxe4 Bxe4 12. Qd4 Bg7 13. Qe5+ Kf8 14. Bxe4 dxe4 15. Ng2 Nc6 16. Qc5+ Kg8 17. Nc3 Re8 18. Rd1 Qh3 19. Ne3 Ne5 20. Nf1 Nf3+ {0-1 Bielmeier,L (2005)-Huch,R (2286) Regionalliga SO 1011 2010 (4.2)}) ({RR} 9. d3 Qd7 10. Nf4 g5 11. dxe4 dxe4 12. Qxd7+ Nbxd7 13. Nh3 Bc5 14. Nc3 O-O-O 15. b3 Kb8 16. Bb2 Rhg8 17. Rfd1 Be6 18. Rac1 a6 19. Kf1 Ba7 20. Ba3 Rc8 21. Na4 Nd5 22. Ng1 N5f6 23. e3 h5 {½-½ Torricelli,A (2002)-Zambo,Z (2239) Winterthur op 2004 (2)}) 9... Qd7 10. Ng1 Nc6 11. d3 Bd6 12. dxe4 dxe4 13. Nc3 Qe6 14. Nb5 Be5 15. Bf4 Rd8 16. Qc1 Rc8 17. Bxe5 Qxe5 18. a4 a6 19. Nc3 O-O 20. Qf4 Qxf4 21. gxf4 Na5 22. e3 Nc4 23. Nge2 Rfe8 24. h3 Rc7 25. b4 Nb2 26. Kg1 g6 27. Rfb1 Nd3 28. b5 a5 29. b6 Rc5 30. Rb5 Rec8 31. Rxc5 Rxc5 32. Rb1 Kf8 33. Rb5 Bd7 34. Rxc5 Nxc5 35. Ng3 Bc6 36. Kf1 Ke7 37. Ke2 Nxa4 38. Nxa4 Bxa4 39. Nxe4 Bc6 40. f3 Nxe4 41. fxe4 Kd6 42. e5+ Kc5 43. Bxc6 Kxc6 44. e4 Kxb6 45. f5 gxf5 46. exf5 Kc6 0-1

[Event "45th Olympiad 2024"]
[Site "Budapest HUN"]
[Date "2024.09.14"]
[Round "4.49"]
[Board "3"]
[White "Agopov, Mikael"]
[Black "Gumireddy, Sanjay"]
[Result "1-0"]
[WhiteElo "2451"]
[BlackElo "1907"]
[PlyCount "51"]
[EventDate "2024.09.11"]
[WhiteTeam "Finland"]
[BlackTeam "Isle of Man"]
[WhiteTeamCountry "FIN"]
[BlackTeamCountry "IOM"]

1. e4 d5 2. exd5 Nf6 3. d4 Nxd5 4. c4 Nb6 5. Nf3 g6 6. Nc3 Bg7 7. c5 Nd5 8. Bc4 Nxc3 9. bxc3 O-O 10. O-O c6 ({RR} 10... Nc6 11. Re1 Na5 12. Bd3 Bg4 13. h3 Bxf3 14. Qxf3 Qd7 15. Bf4 b6 16. c6 Qd8 17. Ba6 e6 18. Rad1 Re8 19. c4 Qe7 20. Qg3 Nxc6 21. Bb7 Nxd4 22. Bxa8 Rxa8 23. Bxc7 Rc8 24. Be5 Rxc4 25. Bxg7 {½-½ Arizmendi Martinez,J (2503)-Adianto,U (2572) Biel MTO op 2002 (6)}) 11. Re1 e6 $146 ({RR} 11... Nd7 12. Qe2 e6 13. Bf4 Re8 14. h4 Nf6 15. Be5 Nd5 16. Qd2 b6 17. cxb6 axb6 18. Bxg7 Kxg7 19. h5 Nf6 20. h6+ Kg8 21. Qf4 Nh5 22. Qe4 Bb7 23. Rab1 Nf6 24. Qf4 Nh5 25. Qe3 c5 26. dxc5 {1-0 Nielsen,U (2365)-Bentzen,E (2357) Norresundby 2000 (3)}) ({RR} 11... Na6 12. Bg5 Bf6 13. Bh6 Bg7 14. Bg5 Bf6 15. Bh6 Bg7 16. Bxg7 Kxg7 17. Qe2 Nc7 18. Qe5+ Kg8 19. Qxe7 Be6 20. Qxd8 Raxd8 21. Bxe6 Nxe6 22. Rab1 Rd7 23. Ne5 Re7 24. Nc4 Rd8 25. Na5 Rdd7 26. g3 {1-0 Guerra Arrocha,D (2100)-Parsons,A (1746) Canarias-chT 2019 (2.4)}) ({RR} 11... Nd7 12. Qe2 e5 13. Nxe5 Nxe5 14. dxe5 Qa5 15. Qe3 Re8 16. Qd4 Bf5 17. Bg5 Bf8 18. e6 Bxe6 19. Bxe6 fxe6 20. h4 Qxc5 21. Qd7 Qxc3 22. Qxb7 h6 23. Rac1 Qd4 24. Rcd1 Qg4 25. Bf6 Qf4 26. Be5 {½-½ Jacko,V (2182)-Nemsak,D (1900) SVK-ch U20 Bratislava 2011 (4)}) ({RR} 11... Nd7 12. Qe2 e6 13. Bf4 Nf6 14. Bd6 Re8 15. Ne5 Bf8 16. Bxf8 Kxf8 17. Qf3 Kg7 18. Re3 Rf8 19. Qf4 Nd5 20. Bxd5 exd5 21. Rae1 f6 22. Nf3 Rf7 23. Re8 Qd7 24. h4 h6 25. h5 g5 26. Qe3 {1-0 Das,S (2299)-Ojas,G (1919) IND-ch U15 New Delhi 2010 (5)}) 12. Ng5 b6 13. Ne4 Nd7 14. Bg5 Qc7 15. Be7 Re8 16. Bd6 Qd8 17. Qf3 bxc5 18. dxc5 Ne5 19. Bxe5 Bxe5 20. Rad1 Qe7 21. Nd6 Bxd6 22. cxd6 Qd7 23. h4 Kg7 24. h5 Bb7 25. h6+ Kxh6 26. Qf6 1-0

[Event "45th Olympiad 2024"]
[Site "Budapest HUN"]
[Date "2024.09.14"]
[Round "4.51"]
[Board "2"]
[White "Lynch, Kemp"]
[Black "Kawuma, Patrick"]
[Result "0-1"]
[WhiteElo "1944"]
[BlackElo "2207"]
[PlyCount "60"]
[EventDate "2024.09.11"]
[WhiteTeam "Barbados"]
[BlackTeam "Uganda"]
[WhiteTeamCountry "BAR"]
[BlackTeamCountry "UGA"]

1. d4 Nf6 2. c4 e6 3. g3 c5 4. Nf3 cxd4 5. Nxd4 Nc6 6. Nc3 Bc5 7. Nxc6 bxc6 8. Bg2 O-O 9. O-O d5 10. Qc2 Ba6 11. Bg5 ({RR} 11. b3 Be7 12. Rd1 Qc8 13. Bb2 dxc4 14. bxc4 Rb8 15. Ne4 Nxe4 16. Bxe4 f5 17. Bf3 Rxb2 18. Qxb2 Bf6 19. Qb3 Bxa1 20. Rxa1 e5 21. c5+ Kh8 22. e4 f4 23. Rd1 h6 24. Kg2 Qe8 25. Rd6 Bc8 {½-½ Berkes,F (2678)-Ivanisevic,I (2574) SRB-chT Valjevo 2018 (11.2)}) ({RR} 11. cxd5 cxd5 12. Rd1 Rc8 13. e3 Qe7 14. Qa4 Qb7 15. Rb1 Bb4 16. Bd2 Be7 17. b4 Bd3 18. Rb2 Nd7 19. Be1 Nb6 20. Qb3 Bg6 21. e4 dxe4 22. a4 Rc4 23. a5 Rxb4 24. Qc2 Nc4 25. Rxb4 Bxb4 {½-½ Sezis,D (1966)-Akin,K (1988) TCh-TUR 2nd League 2024 (7.15)}) 11... Rc8 $146 ({RR} 11... Bxc4 12. Bxf6 gxf6 13. Rfd1 Qe7 14. e4 Bb4 15. b3 Ba6 16. exd5 cxd5 17. Rxd5 exd5 18. Nxd5 Qe5 19. Rd1 Rac8 20. Qb1 Bc5 21. Re1 Qd4 22. Qf5 Qxf2+ 23. Qxf2 Bxf2+ 24. Kxf2 Rc2+ 25. Kg1 Rxg2+ 26. Kxg2 {0-1 Carruez Berges,F (2200)-Melendez Fierro,J (2330) Zaragoza 1993 (4)}) 12. Rad1 Bxc4 13. Qa4 h6 14. Bxf6 Qxf6 15. b3 Qxc3 16. bxc4 Qe5 17. e3 g6 18. Rc1 h5 19. Rc2 Qd6 20. Rfc1 d4 21. exd4 Bxd4 22. c5 Qd7 23. Qa6 e5 24. Rc4 h4 25. gxh4 Qg4 26. Kh1 Qxh4 27. Bxc6 Qxf2 28. R4c2 Qe3 29. Bd5 Kg7 30. Rf1 e4 0-1

[Event "45th Olympiad 2024"]
[Site "Budapest HUN"]
[Date "2024.09.14"]
[Round "4.51"]
[Board "3"]
[White "Nsubuga, Haruna"]
[Black "Edwards, Emar"]
[Result "1-0"]
[WhiteElo "2243"]
[BlackElo "1898"]
[PlyCount "91"]
[EventDate "2024.09.11"]
[WhiteTeam "Uganda"]
[BlackTeam "Barbados"]
[WhiteTeamCountry "UGA"]
[BlackTeamCountry "BAR"]

1. c4 e5 2. Nc3 Nf6 3. Nf3 Nc6 4. d4 exd4 5. Nxd4 Bb4 6. Nxc6 ({RR} 6. e3 Ne4 7. Qc2 Nxc3 8. bxc3 Bc5 9. Be2 O-O 10. O-O b6 11. Rd1 Bb7 12. Qf5 Qe7 13. Nf3 d6 14. e4 Qe6 15. Qh5 Ne5 16. Nd4 Qg6 17. Qxg6 hxg6 18. f3 Ba6 19. Kf1 Bxc4 20. Bf4 Rfe8 {½-½ Skatchkov,P (2432)-Turov,M (2526) RUS-Cup Minsk 2000 (7)}) 6... dxc6 7. Qb3 $146 ({RR} 7. Qxd8+ Kxd8 8. Bd2 Be6 9. e3 Kc8 10. a3 Be7 11. Be2 Rd8 12. Rd1 b6 13. O-O a5 14. Bc1 Kb7 15. b3 Bf5 16. Rxd8 Rxd8 17. Rd1 Bc2 18. Rxd8 Bxd8 19. Bd1 Bxd1 20. Nxd1 c5 21. Bb2 g6 {1-0 Wolff,H (1484)-Link,W (1351) Dortmund2 2003 (12)}) ({RR} 7. Qxd8+ Kxd8 8. Bd2 Ke7 9. a3 Bxc3 10. Bxc3 Be6 11. e3 Rad8 12. Be2 Rd7 13. O-O Rhd8 14. h3 g6 15. f3 Nh5 16. Kh2 Nf6 17. b3 b6 18. g4 g5 19. Rad1 Rxd1 20. Rxd1 Rxd1 21. Bxd1 b5 {½-½ Lasschuit,R (1713)-Vedant,K (1409) Bronshoj Lang Weekend 2018 (4)}) ({RR} 7. Bg5 Qe7 8. Qd4 Bc5 9. Qh4 Rb8 10. Bxf6 gxf6 11. Rb1 Qe5 12. Qe4 O-O 13. Qxe5 fxe5 14. a3 a5 15. e3 b6 16. Kd2 Ba6 17. Bd3 Rfd8 {½-½ Ferdiansah,F-Baratosi,D (2079) Wch U12 Oropesa del Mar 2000 (8)}) ({RR} 7. Qxd8+ Kxd8 8. Bd2 Be6 9. e3 Ke7 10. f3 Rhd8 11. a3 Bxc3 12. Bxc3 a5 13. Be2 Ne8 14. Kf2 f6 15. b4 Nd6 16. c5 Nb5 17. Bxb5 cxb5 18. bxa5 Rd3 19. Bb4 c6 20. Rad1 Rad8 21. Rxd3 Rxd3 {½-½ Vedral,O (2242)-Kubikova,H (2162) Prague ProMoPro op 2006 (7)}) 7... Bd6 8. Bg5 O-O 9. Ne4 Be7 10. Rd1 Nd7 11. Bf4 f5 12. Ng3 Bg5 13. Be5 Qe8 14. h4 Bh6 15. c5+ Kh8 16. Rxd7 Bxd7 17. f4 Qe6 18. Qxb7 Qc4 19. Qxc7 Rad8 20. e3 Qxc5 21. Kf2 Be6 22. b4 Rd2+ 23. Be2 Qxb4 24. Qxc6 Qc4 25. Qxc4 Bxc4 26. Ke1 Rfd8 27. Bxc4 Rxg2 28. Nxf5 Rc8 29. Nd6 Rxc4 30. Nxc4 Rc2 31. Nb2 Kg8 32. Kd1 Rg2 33. a4 Kf7 34. a5 a6 35. h5 Ke6 36. Nd3 Kd5 37. Kc1 Kc4 38. Nb2+ Kb4 39. Bc7 Kb3 40. Be5 Kb4 41. Rd1 Kxa5 42. Rd6 Kb5 43. Bd4 g6 44. Rb6+ Ka5 45. Rb3 gxh5 46. Bb6# 1-0

[Event "45th Olympiad 2024"]
[Site "Budapest HUN"]
[Date "2024.09.14"]
[Round "4.51"]
[Board "4"]
[White "Depradine, Lawrence"]
[Black "Nyola Wasswa Mark"]
[Result "0-1"]
[WhiteElo "1782"]
[BlackElo "2070"]
[PlyCount "58"]
[EventDate "2024.09.11"]
[WhiteTeam "Barbados"]
[BlackTeam "Uganda"]
[WhiteTeamCountry "BAR"]
[BlackTeamCountry "UGA"]

1. c4 e5 2. Nc3 Nf6 3. Nf3 Nc6 4. g3 Bb4 5. Nd5 a5 6. Bg2 O-O 7. O-O Re8 8. d3 ({RR} 8. a3 Bf8 9. d4 exd4 10. Nxd4 Ne5 11. Bg5 Be7 12. Nf5 Nxd5 13. Bxd5 Bxg5 14. f4 d6 15. fxg5 Qxg5 16. e4 Bxf5 17. Rxf5 Qe3+ 18. Kg2 c6 19. Bxf7+ Nxf7 20. Rf4 Rxe4 21. Qg4 Rxf4 22. gxf4 Qe4+ {0-1 Yevchenko,A (2276)-Chirilov,J (2082) Titled Tue 2nd Apr Late 2024 (5)}) 8... h6 ({RR} 8... Nxd5 9. cxd5 Nd4 10. Nxd4 exd4 11. e4 c6 12. Bf4 cxd5 13. a3 Bc5 14. b4 Bf8 15. exd5 d6 16. bxa5 Qxa5 17. Bd2 Qa6 18. Qf3 g6 19. Bb4 Bf5 20. Rad1 Re5 21. g4 Bd7 22. Qf4 h5 23. h3 {½-½ Carlsen,M (2845)-Naiditsch,A (2695) Grenke Chess Classic 6th 2019 (5)}) 9. Bd2 $146 ({RR} 9. b3 d6 10. Bb2 Bg4 11. h3 Bh5 12. e3 Bc5 13. a3 Ba7 14. Nc3 Nd7 15. Qc2 Nc5 16. Nh4 Ne6 17. Nd5 Nb8 18. b4 c6 19. Nc3 Bb6 20. Na4 Bc7 21. f4 axb4 22. axb4 exf4 23. exf4 Nd7 {½-½ Serper,G (2540)-Timman,J (2620) Olympiad-30 Manila 1992 (8.1)}) ({RR} 9. d4 Nxd5 10. cxd5 Nxd4 11. Nxd4 exd4 12. Qxd4 d6 13. e3 Bd7 14. b3 Bc5 15. Qd2 Qg5 16. h4 Qg4 17. Bb2 Bf5 18. a3 Be4 19. Qc3 f6 20. Rfd1 Bf3 21. Rd3 Re4 22. Re1 Bb6 23. Qc2 Rae8 {1-0 Ankudinova,E (2093)-Davletbayeva,M (2238) Kazakhstan Cup (Women) 2019 (7)}) ({RR} 9. a3 Bf8 10. e4 d6 11. Be3 Ng4 12. Bd2 Ne7 13. h3 Nxd5 14. cxd5 Nf6 15. Rc1 Bd7 16. Qb3 Qb8 17. Rfe1 a4 18. Qc2 c6 19. dxc6 bxc6 20. d4 exd4 21. Nxd4 Ra6 22. Bc3 d5 23. Qd3 Rb6 {½-½ Sarana,A (2662)-Ponkratov,P (2627) Chess.com Rapid Wk24 Swiss 2022 (2)}) 9... Bxd2 10. Qxd2 d6 11. Rfc1 e4 12. Ne1 Bf5 13. Nc2 exd3 14. Nce3 Ne4 15. Qxd3 Bg6 16. Nf4 Nxf2 17. Qb3 Ne4 18. Qxb7 Nb4 19. Nxg6 Rb8 20. Qa7 Nc6 21. Qa6 Rb6 22. Qxb6 cxb6 23. Nf4 Nf6 24. Nf5 Ne7 25. Nd4 d5 26. c5 bxc5 27. Nb3 c4 28. Nd4 Qb6 29. Rd1 Nf5 0-1

[Event "45th Olympiad 2024"]
[Site "Budapest HUN"]
[Date "2024.09.14"]
[Round "4.52"]
[Board "1"]
[White "Alrehaili, Ahmed Abdullah S"]
[Black "Dominguez, Jose Manuel"]
[Result "1-0"]
[WhiteElo "2117"]
[BlackElo "2195"]
[PlyCount "62"]
[EventDate "2024.09.11"]
[WhiteTeam "Saudi Arabia"]
[BlackTeam "Dominican Republic"]
[WhiteTeamCountry "SAU"]
[BlackTeamCountry "DOM"]

1. e4 d6 2. d4 Nf6 3. Nc3 c6 4. f4 Qa5 5. Bd3 e5 6. Nf3 Bg4 7. Be3 Nbd7 ({RR} 7... Qb6 8. fxe5 dxe5 9. Qd2 exd4 10. Bxd4 Qd8 11. O-O-O Bxf3 12. Bxf6 Qxf6 13. gxf3 Bb4 14. e5 Qh4 15. Rhg1 g6 16. f4 Bxc3 17. Qxc3 Qxf4+ 18. Kb1 Rf8 19. e6 fxe6 20. Qb3 Ke7 21. Qxb7+ Nd7 22. Bb5 {1-0 Karjakin,S (2725)-Ivanov,A (2481) RUS-chT 17th 2010 (5)}) 8. h3 exf4 ({RR} 8... Bxf3 9. Qxf3 Qb4 10. dxe5 dxe5 11. O-O-O Bc5 12. Bxc5 Qxc5 13. f5 O-O-O 14. g4 g5 15. fxg6 hxg6 16. Rd2 Rh4 17. Rhd1 Qe7 18. Rf2 Rh7 19. Bf1 Ne8 20. Kb1 Nc7 21. Qe3 Qc5 22. Qg3 Ne6 23. Rfd2 {0-1 Borovsky,I (1729)-Krizek,K (1954) TCh-CZE 1 Liga Zapad 2023 (8.8)}) 9. Bxf4 Bh5 10. Qe2 $146 ({RR} 10. O-O Be7 11. Qe1 Bxf3 12. Rxf3 O-O-O 13. Be3 Rhe8 14. Rf5 Qc7 15. a3 g6 16. Rf3 Bf8 17. Qf2 Be7 18. Rf1 d5 19. e5 Ne4 20. Nxe4 dxe4 21. Bxe4 f5 22. exf6 Nxf6 23. Bd3 Nd5 24. Bd2 Nb6 {1-0 Zhurov,S (2297)-Pacl,V (2106) Pardubice op rapid 28th 2017 (2)}) ({RR} 10. O-O Be7 11. Qe1 O-O 12. e5 dxe5 13. Nxe5 Rae8 14. Nc4 Qd8 15. Qf2 Nb6 16. Ne5 Nbd5 17. Bg5 Nxc3 18. bxc3 Nd5 19. Bxe7 Rxe7 20. g4 Bg6 21. Bxg6 fxg6 22. Qxf8+ Qxf8 23. Rxf8+ Kxf8 24. Rf1+ Ke8 {0-1 Mueller,A (1980)-Sparwel,O (1978) Muensterland Verbandsklasse-B 1213 2012 (8.1)}) ({RR} 10. O-O Be7 11. Qd2 O-O 12. Nd5 Qd8 13. Nxe7+ Qxe7 14. Rae1 Bg6 15. Bg5 h6 16. Bh4 Qe6 17. e5 dxe5 18. Nxe5 Bxd3 19. Nxd7 Qxd7 20. Qxd3 Rfe8 21. Bxf6 Rxe1 22. Rxe1 gxf6 23. Qe4 Rd8 24. c3 Qd5 {1-0 Mirulla,D (1953)-Karelina,P (1835) Olympiad-44 Chennai 2022 (9.3)}) 10... O-O-O 11. Bd2 Re8 12. O-O Qb6 13. Qf2 d5 14. exd5 Bxf3 15. Na4 Qd8 16. Qxf3 Nxd5 17. c4 N5b6 18. Nc3 Nf6 19. Be3 Kb8 20. a4 Nc8 21. a5 a6 22. d5 c5 23. Na4 Qc7 24. b4 cxb4 25. Rfe1 Bd6 26. c5 Be5 27. d6 Qxa5 28. Nb2 Qd8 29. Bxa6 Qd7 30. Bxb7 Qxb7 31. c6 Bxb2 1-0